O'Neill : (Record no. 16854)
[ view plain ]
| 000 -LEADER | |
|---|---|
| fixed length control field | 01411cam a22003618a 4500 |
| 001 - CONTROL NUMBER | |
| control field | 12815856 |
| 003 - CONTROL NUMBER IDENTIFIER | |
| control field | EG-ScBUE |
| 005 - DATE AND TIME OF LATEST TRANSACTION | |
| control field | 20220125105746.0 |
| 008 - FIXED-LENGTH DATA ELEMENTS--GENERAL INFORMATION | |
| fixed length control field | 020613r20021968nyu f b 001 0beng d |
| 020 ## - INTERNATIONAL STANDARD BOOK NUMBER | |
| International Standard Book Number | 0815412436 (pbk. : alk. paper) |
| 020 ## - INTERNATIONAL STANDARD BOOK NUMBER | |
| International Standard Book Number | 9780815412434 |
| 040 ## - CATALOGING SOURCE | |
| Original cataloging agency | DLC |
| Language of cataloging | eng |
| Description conventions | rda |
| Transcribing agency | DLC |
| Modifying agency | EG-ScBUE |
| 082 04 - DEWEY DECIMAL CLASSIFICATION NUMBER | |
| Classification number | 812.52 |
| Edition number | 22 |
| Item number | SHE |
| 100 1# - MAIN ENTRY--PERSONAL NAME | |
| Personal name | Sheaffer, Louis, |
| Relator term | author. |
| 9 (RLIN) | 30531 |
| 245 10 - TITLE STATEMENT | |
| Title | O'Neill : |
| Remainder of title | son and playwright. |
| Number of part/section of a work | volume 1 / |
| Statement of responsibility, etc | Louis Sheaffer. |
| 264 #1 - PUBLICATION, DISTRIBUTION, ETC. (IMPRINT) | |
| Place of publication, distribution, etc | New York : |
| Name of publisher, distributor, etc | Cooper Square Press, |
| Date of publication, distribution, etc | 2002. |
| 300 ## - PHYSICAL DESCRIPTION | |
| Extent | xx, 543 pages ; |
| Dimensions | 24 cm |
| 336 ## - CONTENT TYPE | |
| Source | rdacontent |
| Content type term | text |
| Content type code | txt |
| 337 ## - MEDIA TYPE | |
| Source | rdamedia |
| Media type term | unmediated |
| Media type code | n |
| 338 ## - CARRIER TYPE | |
| Source | rdacarrier |
| Carrier type term | volume |
| Carrier type code | nc |
| 500 ## - GENERAL NOTE | |
| General note | Originally published: Boston : Little, Brown, 1968. |
| 504 ## - BIBLIOGRAPHY, ETC. NOTE | |
| Bibliography, etc | Includes bibliographical references and index. |
| 600 17 - SUBJECT ADDED ENTRY--PERSONAL NAME | |
| Personal name | O'Neill, Eugene, |
| Dates associated with a name | 1888-1953. |
| Source of heading or term | BUEsh |
| 9 (RLIN) | 30532 |
| 600 17 - SUBJECT ADDED ENTRY--PERSONAL NAME | |
| Personal name | O'Neill, Eugene, |
| Dates associated with a name | 1888-1953 |
| General subdivision | Family. |
| Source of heading or term | BUEsh |
| 9 (RLIN) | 30533 |
| 600 17 - SUBJECT ADDED ENTRY--PERSONAL NAME | |
| Personal name | O'Neill, Eugene, |
| Dates associated with a name | 1888-1953 |
| General subdivision | Childhood and youth. |
| Source of heading or term | BUEsh |
| 9 (RLIN) | 30534 |
| 650 #7 - SUBJECT ADDED ENTRY--TOPICAL TERM | |
| Topical term or geographic name as entry element | Dramatists, American |
| Chronological subdivision | 20th century |
| General subdivision | Family relationships. |
| Source of heading or term | BUEsh |
| 9 (RLIN) | 30535 |
| 650 #7 - SUBJECT ADDED ENTRY--TOPICAL TERM | |
| Topical term or geographic name as entry element | Dramatists, American |
| Chronological subdivision | 20th century |
| Form subdivision | Biography. |
| Source of heading or term | BUEsh |
| 9 (RLIN) | 30536 |
| 651 ## - SUBJECT ADDED ENTRY--GEOGRAPHIC NAME | |
| Source of heading or term | BUEsh |
| 653 ## - INDEX TERM--UNCONTROLLED | |
| Arrived date list | July2012 |
| Resource For college | Humanities: English |
| 655 ## - INDEX TERM--GENRE/FORM | |
| Form subdivision | Reading book |
| 9 (RLIN) | 34232 |
| 942 ## - ADDED ENTRY ELEMENTS (KOHA) | |
| Source of classification or shelving scheme | Dewey Decimal Classification |
| Koha item type | Book - Borrowing |
| Withdrawn status | Lost status | Source of classification or shelving scheme | Damaged status | Not for loan | Collection code | Home library | Current library | Shelving location | Date acquired | Source of acquisition | Cost, normal purchase price | Serial Enumeration / chronology | Total Checkouts | Full call number | Barcode | Date last seen | Price effective from | Koha item type |
|---|---|---|---|---|---|---|---|---|---|---|---|---|---|---|---|---|---|---|
| Dewey Decimal Classification | Baccah | Central Library | Central Library | Second Floor | 11/07/2012 | 201.00 | 15359 | 812.52 SHE | 000026956 | 15/07/2025 | 11/07/2012 | Book - Borrowing |